|
|
|
|
| LEADER |
00000nab a2200000 a 4500 |
| 001 |
vtls000012304 |
| 003 |
SK-MaSNL |
| 005 |
20260304074622.0 |
| 008 |
250423c1978 xo 0 slo |
| 015 |
|
|
|a SNBRB19rr/mm-uuuuu
|
| 035 |
|
|
|a CL0022398
|
| 035 |
|
|
|a urn:nbn:sk:snk-abb72f
|
| 035 |
|
|
|a (urnnbn)urn:nbn:sk:snk:ar-00488q
|
| 035 |
|
|
|a (uuid)385fe2e1-71c6-442b-9e22-13d2b207937b
|
| 040 |
|
|
|a SNKBUCL
|b slo
|c SNKBUCL
|e AACR2
|
| 041 |
0 |
|
|a slo
|
| 044 |
|
|
|a xo
|c SK
|
| 080 |
|
|
|a 840-3
|2 1981
|
| 100 |
1 |
|
|a Le Clézio, Jean-Marie Gustave,
|d 1940-
|4 aut
|9 118418
|
| 245 |
1 |
0 |
|a Chlapec, ktorý nikdy nevidel more
|c J.M. Le Clézio ; Elena Krššáková
|
| 650 |
0 |
7 |
|a poviedky symbolistické
|2 snkbucl
|9 1364312
|
| 650 |
0 |
7 |
|a more
|2 snkbucl
|9 67754
|
| 650 |
0 |
7 |
|a sloboda
|2 snkbucl
|9 2170
|
| 655 |
|
7 |
|a články z novín a časopisov
|2 snkbucl
|9 267496
|
| 655 |
|
7 |
|a články z odboru literárna veda a krásna literatúra
|2 snkbucl
|9 770045
|
| 700 |
1 |
|
|a Krššáková, Elena,
|d 1946-
|4 trl
|9 58042
|
| 773 |
0 |
|
|t Revue svetovej literatúry
|g Roč. 14, č. 6 (1978), s. 72-79
|
| 850 |
|
|
|a Slovenská národná knižnica
|
| 852 |
|
|
|a Slovenská národná knižnica
|
| 958 |
|
|
|a article15
|
| 958 |
|
|
|a RK
|
| 958 |
|
|
|a LX
|
| 958 |
|
|
|a OND
|
| 958 |
|
|
|a EUIPO
|
| 999 |
|
|
|c 2777045
|d 2778975
|